| 000 | 00594nam a2200205Ia 4500 | ||
|---|---|---|---|
| 008 | 131103s9999 xx 000 0 und d | ||
| 020 | _a0-520-03548-8 | ||
| 040 | _aLoreto College | ||
| 041 | _aEnglish | ||
| 082 |
_a808.1/ROG _bLCLIB/41509 |
||
| 100 | _aRoger, Robert | ||
| 245 |
_aMetaphor _b a psychonalytic view _cRobert Roger |
||
| 260 |
_aBerkeley _bUniversity of California Press _c1978 |
||
| 300 |
_aix,148 p. _c 22 cm. |
||
| 504 | _aIncludes index | ||
| 650 | _aLiterature - | ||
| 651 | _aLiterary Criticism - Rhetoric - Poetry - | ||
| 850 | _aLCLIB/808.1/ROG | ||
| 942 | _cBK | ||
| 999 |
_c1099 _d51578 |
||